00513nam a22001577a 450000500170000001000130001702000260003003500170005603700180007308200080009110000120009924501230011126000330023427000580026730000300032520190923103459.0 aBAC-CH25 a9788171874040c250.00 aB-553090-124 adplbABC /Ven a030 aShahina aThe 501 topics Encyclopedia of Questions and Answers :cby Shahinabcomprenensive single volume with entries from AZ / bBook Palacec2014aNew Delhi a4598/12-B, Ansari Road, Darya GanjbNew Delhie110002 a102p.:bcol.illc27cm(Hb)